000 00679nam a2200181Ia 4500
008 151018s9999 xx 000 0 und d
082 _bRBASDV47256
_a891.46503
100 _aरत्नप्रभा जोशी
245 _aजीवनसाथिच्या नजरेतून
250 _b1
260 _bरोहन प्रकाशन पुणे
_c2005
300 _a221
600 _aरत्नप्रभा जोशी
630 _aजीवनसाथिच्या नजरेतून
700 _aरत्नप्रभा जोशी
730 _aजीवनसाथिच्या नजरेतून
942 _cBOOK
999 _c1046392
_d1046389